|
|
|
|
| LEADER |
00000nam0a2200000 4500 |
| 001 |
684432 |
| 005 |
20260317105014.0 |
| 010 |
|
|
|a 978-5-4387-1269-5
|
| 090 |
|
|
|a 684432
|
| 100 |
|
|
|a 20260123d2025 k||y0rusy50 ca
|
| 101 |
0 |
|
|a rus
|
| 102 |
|
|
|a RU
|
| 105 |
|
|
|a a z 101yy
|
| 181 |
|
0 |
|a i
|b e
|
| 182 |
|
0 |
|a n
|
| 183 |
|
0 |
|a nc
|2 RDAcarrier
|
| 200 |
1 |
|
|a СХС-2025
|e материалы II Сибирского химического симпозиума, г. Томск, 20−24 октября 2025 г.
|f Национальный исследовательский Томский политехнический университет ; ред. кол. М. Е. Трусова [и др.]
|
| 203 |
|
|
|a Текст
|b визуальный
|c непосредственный
|
| 210 |
|
|
|a Томск
|c Изд-во ТПУ
|d 2025
|
| 215 |
|
|
|a 307 с.
|c ил.
|
| 283 |
|
|
|a volume
|2 RDAcarrier
|
| 320 |
|
|
|a Библиография в конце статей
|
| 330 |
|
|
|a В сборнике представлены материалы II Международного Сибирского химического симпозиума (СХС-2025). В материалах симпозиума обсуждается современное состояние исследований в области химических наук в России. Значительное внимание уделено дизайну новых материалов с заданными свойствами, а также химии элементоорганических соединений. Описаны передовые методы органического синтеза и современные подходы к кристаллохимическому дизайну и супрамолекулярной химии для создания функциональных систем. Особый интерес представляют исследования в области химии молекулярных магнетиков и разработка эффективных систем катализа. Следует отметить также широкое применение методов машинного обучения для прогнозирования свойств соединений и оптимизации процессов. Значительная часть работ посвящена применению достижений медицинской химии для создания новых биологически активных веществ и фармацевтических субстанций.
|
| 517 |
1 |
|
|a 2 Международный Сибирский химический симпозиум
|z rus
|
| 517 |
1 |
|
|a Второй Международный Сибирский химический симпозиум
|z rus
|
| 606 |
|
|
|a Химия
|9 43035
|
| 610 |
1 |
|
|a труды учёных ТПУ
|
| 610 |
1 |
|
|a химические науки
|
| 610 |
1 |
|
|a материалы конференций
|
| 610 |
1 |
|
|a химические материалы
|
| 610 |
1 |
|
|a дизайн
|
| 610 |
1 |
|
|a элементоорганические соединения
|
| 610 |
1 |
|
|a органический синтез
|
| 610 |
1 |
|
|a крислаллохимический дизайн
|
| 610 |
1 |
|
|a супрамолекулярная химия
|
| 610 |
1 |
|
|a молекулярные магнетики
|
| 610 |
1 |
|
|a катализ
|
| 610 |
1 |
|
|a биологически активные вещества
|
| 610 |
1 |
|
|a фармацевтические субстанции
|
| 675 |
|
|
|a 54
|v 4
|
| 702 |
|
1 |
|a Трусова
|b М. Е.
|c химик-органик
|c доцент Томского политехнического университета, кандидат химических наук
|f 1982-
|g Марина Евгеньевна
|4 340
|9 12930
|
| 702 |
|
1 |
|a Постников
|b П. С.
|c химик-органик
|c доцент Томского политехнического университета, кандидат химических наук
|f 1984-
|g Павел Сергеевич
|4 340
|9 12925
|
| 702 |
|
1 |
|a Солдатова
|b Н. С.
|c химик-органик
|c инженер Томского политехнического университета
|f 1992-
|g Наталья Сергеевна
|4 340
|9 16501
|
| 702 |
|
1 |
|4 340
|a Никифорова
|b К. С.
|g Ксения Алексеевна
|
| 702 |
|
1 |
|a Коголев
|b Д. А.
|c химик-технолог
|c инженер-исследователь Томского политехнического университета
|f 1998-
|g Дмитрий Анатольевич
|4 340
|9 22485
|
| 712 |
0 |
2 |
|a Национальный исследовательский Томский политехнический университет
|c (2009- )
|9 26305
|4 570
|
| 712 |
1 |
2 |
|a СХС-2025
|c симпозиум
|d 2
|e Томск
|f 2025
|
| 801 |
|
0 |
|a RU
|b 63413507
|c 20260126
|
| 850 |
|
|
|a 63413507
|
| 942 |
|
|
|c BK
|